000
00326nam a22001337a 4500
008
180904b xxu||||| |||| 00| 0 eng d
020
_a
0120392259
041
_a
eng
080
_a
591
100
_a
7
101
_a
ZOO
245
_a
Advances in Veterinary Science and Comparative Medicine
_c
Cornelius, CH.E
942
_2
udc
_c
BK
999
_c
47522
_d
47522